Совершенствование процессов получения моноолефинов С9-С14 в реакторах с неподвижным слоем катализатора: автореферат диссертации на соискание ученой степени кандидата технических наук; спец. 05.17.08

التفاصيل البيبلوغرافية
المؤلف الرئيسي: Романовский Р. В. Ростислав Владимирович
مؤلف مشترك: Национальный исследовательский Томский политехнический университет (ТПУ)
مؤلفون آخرون: Иванчина Э. Д. Эмилия Дмитриевна (научный руководитель)
الملخص:Заглавие с титульного экрана
اللغة:الروسية
منشور في: Томск, 2012
الموضوعات:
الوصول للمادة أونلاين:http://www.lib.tpu.ru/fulltext/a/2012/26.pdf
التنسيق: الكتروني كتاب
KOHA link:https://koha.lib.tpu.ru/cgi-bin/koha/opac-detail.pl?biblionumber=213689

MARC

LEADER 00000nlm0a2200000 4500
001 213689
005 20231101225832.0
035 |a (RuTPU)RU\TPU\book\233507 
090 |a 213689 
100 |a 20120416d2012 k y0rusy50 ca 
101 0 |a rus 
102 |a RU 
105 |a a dm 001zy 
135 |a drnn ---uucaa 
181 0 |a i  
182 0 |a b 
200 1 |a Совершенствование процессов получения моноолефинов С9-С14 в реакторах с неподвижным слоем катализатора  |e автореферат диссертации на соискание ученой степени кандидата технических наук  |e спец. 05.17.08  |f Р. В. Романовский  |g Национальный исследовательский Томский политехнический университет (ТПУ) ; науч. рук. Э. Д. Иванчина  |b Электронный ресурс 
203 |a Текст  |c электронный 
210 |a Томск  |d 2012 
230 |a 1 компьютерный файл (pdf; 989 KB) 
300 |a Заглавие с титульного экрана 
337 |a Adobe Reader 
452 1 |0 (RuTPU)RU\TPU\book\236585  |t Совершенствование процессов получения моноолефинов С9-С14 в реакторах с неподвижным слоем катализатора  |o автореферат диссертации на соискание ученой степени кандидата технических наук  |o спец. 05.17.08  |f Р. В. Романовский  |g Национальный исследовательский Томский политехнический университет (ТПУ) ; науч. рук. Э. Д. Иванчина  |c Томск  |d 2012  |p 21 с.  |a Романовский, Ростислав Владимирович 
606 1 |a Моноолефины  |x Получение  |2 stltpush  |3 (RuTPU)RU\TPU\subj\71670  |9 85461 
610 1 |a авторефераты диссертаций 
610 1 |a труды учёных ТПУ 
610 1 |a электронный ресурс 
610 1 |a парафины 
610 1 |a дегидрирование 
610 1 |a катализаторы 
610 1 |a физико-химические свойства 
610 1 |a эксплуатация 
610 1 |a оптимальные условия 
610 1 |a платиносодержащие катализаторы 
610 1 |a регенерация 
675 |a 661.715(04)  |v 3 
686 |a 05.17.08  |2 oksvnk 
700 1 |a Романовский  |b Р. В.  |c химик-технолог  |c аспирант Томского политехнического университета  |f 1987-  |g Ростислав Владимирович  |2 stltpush  |3 (RuTPU)RU\TPU\pers\28916 
702 1 |a Иванчина  |b Э. Д.  |c химик  |c профессор Томского политехнического университета, доктор технических наук  |f 1951-  |g Эмилия Дмитриевна  |2 stltpush  |3 (RuTPU)RU\TPU\pers\24966  |4 727 
712 0 2 |a Национальный исследовательский Томский политехнический университет (ТПУ)  |c (2009- )  |2 stltpush  |3 (RuTPU)RU\TPU\col\15902 
801 1 |a RU  |b 63413507  |c 20120416 
801 2 |a RU  |b 63413507  |c 20140524  |g RCR 
856 4 |u http://www.lib.tpu.ru/fulltext/a/2012/26.pdf 
942 |c CF